Every Player at Euro 2024 - Statistics

General Stats
  • This quiz has been taken 201 times
    190 since last reset
  • The average score is 168 of 619
Answer Stats
Hint Answer % Correct
GK José Sá
87%
DF Virgil van Dijk
83%
FW Lamine Yamal
81%
GK Unai Simón
81%
FW Kylian Mbappé
80%
DF Andrew Robertson
77%
FW Arda Güler
77%
FW Memphis Depay
77%
GK Yann Sommer
77%
MF Dominik Szoboszlai
76%
FW Cristiano Ronaldo
75%
GK Jan Oblak
74%
MF Luka Modrić
74%
MF Scott McTominay
73%
DF Dani Carvajal
72%
MF Granit Xhaka
72%
DF Micky van de Ven
72%
GK Mike Maignan
72%
MF Pedri
72%
FW Robert Lewandowski
71%
GK Gianluigi Donnarumma
70%
FW Khvicha Kvaratskhelia
70%
MF Nico Williams
70%
MF Rodri
69%
FW Harry Kane
68%
MF Kevin De Bruyne
68%
FW Benjamin Šeško
67%
MF Christian Eriksen
67%
MF Jamal Musiala
67%
GK Manuel Neuer
67%
FW Ousmane Dembélé
67%
MF Florian Wirtz
66%
MF John McGinn
66%
GK Jordan Pickford
66%
GK Kasper Schmeichel
66%
FW Romelu Lukaku
66%
FW Álvaro Morata
65%
MF Antoine Griezmann
65%
DF Antonio Rüdiger
65%
MF Marcel Sabitzer
65%
MF Phil Foden
65%
FW Cody Gakpo
64%
MF Emre Can
64%
GK Giorgi Mamardashvili
64%
MF Bernardo Silva
63%
DF Marc Cucurella
63%
FW Xavi Simons
63%
GK Andriy Lunin
62%
DF António Silva
62%
FW Bukayo Saka
62%
DF Denzel Dumfries
62%
DF John Stones
62%
MF Jude Bellingham
62%
DF Manuel Akanji
62%
GK Péter Gulácsi
62%
FW Dani Olmo
61%
DF Kyle Walker
61%
DF Nathan Aké
61%
FW Breel Embolo
60%
GK Dominik Livaković
60%
GK Marc-André ter Stegen
60%
MF Eduardo Camavinga
59%
FW Jeremie Frimpong
59%
DF Théo Hernandez
59%
MF Toni Kroos
59%
MF Cole Palmer
58%
FW Martin Ádám
58%
MF N'Golo Kanté
58%
FW Niclas Füllkrug
58%
FW Wout Weghorst
58%
MF Aurélien Tchouaméni
57%
DF Aymeric Laporte
57%
MF Bruno Fernandes
57%
FW Dennis Man
57%
GK Diogo Costa
57%
FW Kai Havertz
57%
DF Matthijs de Ligt
57%
MF Nicolò Barella
57%
DF Pepe
57%
FW Randal Kolo Muani
57%
FW Rasmus Højlund
57%
DF Robin Le Normand
57%
DF Trent Alexander-Arnold
57%
MF Xherdan Shaqiri
57%
DF Alessandro Bastoni
56%
MF Declan Rice
56%
MF Hakan Çalhanoğlu
56%
DF Joshua Kimmich
56%
DF Joško Gvardiol
56%
DF Jules Koundé
56%
FW Marko Arnautović
56%
FW Olivier Giroud
56%
GK Vanja Milinković-Savić
56%
DF Dayot Upamecano
55%
FW Ferran Torres
55%
FW Georges Mikautadze
55%
GK Gregor Kobel
55%
MF İlkay Gündoğan
55%
MF Sergej Milinković-Savić
55%
GK Angus Gunn
54%
FW Armando Broja
54%
GK Bart Verbruggen
54%
FW Federico Chiesa
54%
MF Leroy Sané
54%
MF Mikel Merino
54%
FW Mykhaylo Mudryk
54%
FW Artem Dovbyk
53%
DF Benjamin Pavard
53%
GK David Raya
53%
DF Jonathan Tah
53%
MF Mateo Kovačić
53%
DF Nico Schlotterbeck
53%
DF Oleksandr Zinchenko
53%
FW Patrik Schick
53%
DF Riccardo Calafiori
53%
DF Willi Orbán
53%
GK Aaron Ramsdale
52%
FW Donyell Malen
52%
FW Dušan Vlahović
52%
DF Luke Shaw
52%
DF William Saliba
52%
MF Adrien Rabiot
51%
MF Mikel Oyarzabal
51%
FW Ollie Watkins
51%
DF Andreas Christensen
50%
FW Ivan Perišić
50%
FW Jérémy Doku
50%
FW Kenan Yıldız
50%
DF Rasmus Kristensen
50%
DF Rúben Dias
50%
DF Stefan de Vrij
50%
DF Marc Guéhi
49%
FW Barnabás Varga
48%
MF Fabián Ruiz
48%
DF João Cancelo
48%
DF Kieran Trippier
48%
DF Merih Demiral
48%
FW Thomas Müller
48%
DF Álex Grimaldo
47%
FW Denis Drăguș
47%
DF Kieran Tierney
47%
FW Marcus Thuram
47%
FW Bradley Barcola
46%
DF Ibrahima Konaté
46%
DF Jan Vertonghen
46%
DF Nuno Mendes
46%
MF Tomáš Souček
46%
FW Aleksandar Mitrović
45%
DF Federico Dimarco
45%
GK Koen Casteels
45%
DF Adrian Rus
44%
FW Andrej Kramarić
44%
FW Barış Alper Yılmaz
44%
FW Gonçalo Ramos
44%
MF Pierre-Emile Højbjerg
44%
MF Piotr Zieliński
44%
DF Ricardo Rodriguez
44%
MF Vitinha
44%
GK Alphonse Areola
43%
FW Ché Adams
43%
DF David Raum
43%
FW Eberechi Eze
43%
FW João Félix
43%
MF João Neves
43%
MF Konrad Laimer
43%
MF Martín Zubimendi
43%
FW Rafael Leão
43%
MF Robert Andrich
43%
MF Rúben Neves
43%
GK Rui Patrício
43%
GK Wojciech Szczęsny
43%
GK Dean Henderson
42%
FW Ivan Toney
42%
MF Marcelo Brozović
42%
DF Radu Drăgușin
42%
MF Ryan Gravenberch
42%
DF Milan Škriniar
41%
GK Anatoliy Trubin
40%
FW Fermín López
40%
FW Gianluca Scamacca
40%
DF Giovanni Di Lorenzo
40%
DF Milos Kerkez
40%
MF Remo Freuler
40%
MF Ruben Vargas
40%
GK Brice Samba
39%
MF Christoph Baumgartner
39%
DF Fabian Schär
39%
FW Florinel Coman
39%
FW Kingsley Coman
39%
FW Anthony Gordon
37%
DF Attila Szalai
37%
FW Diogo Jota
37%
DF Ferland Mendy
37%
DF Maximilian Mittelstädt
37%
MF Tijjani Reijnders
37%
MF Youri Tielemans
37%
FW Jesús Navas
36%
MF Kobbie Mainoo
36%
DF Simon Kjær
36%
MF Callum McGregor
35%
FW Deniz Undav
35%
DF Ezri Konsa
35%
MF Stanislav Lobotka
35%
DF Mert Müldür
34%
MF Warren Zaïre-Emery
34%
FW Yussuf Poulsen
34%
MF Amadou Onana
33%
MF Conor Gallagher
33%
FW Filip Kostić
33%
MF Ianis Hagi
33%
MF Jorginho
33%
DF Nacho
33%
FW Krzysztof Piątek
32%
DF Strahinja Pavlović
32%
DF Vladimír Coufal
32%
FW Loïs Openda
31%
GK Martin Dúbravka
31%
GK Oliver Baumann
31%
DF Waldemar Anton
31%
DF Daley Blind
30%
DF Diogo Dalot
30%
DF Domagoj Vida
30%
FW Dušan Tadić
30%
FW Francisco Conceição
30%
DF Jakub Kiwior
30%
FW Jarrod Bowen
30%
DF Joachim Andersen
30%
MF João Palhinha
30%
DF Josip Stanišić
30%
FW Kerem Aktürkoğlu
30%
FW Mattia Zaccagni
30%
FW Michael Gregoritsch
30%
MF Michel Aebischer
30%
MF Morten Hjulmand
30%
DF Robin Koch
30%
FW Roland Sallai
30%
FW Steven Bergwijn
30%
GK Thomas Strakosha
30%
MF Youssouf Fofana
30%
GK Álex Remiro
29%
MF Andriy Yarmolenko
29%
GK Guglielmo Vicario
29%
FW Ivan Schranz
29%
DF Jonathan Clauss
29%
MF Lovro Majer
29%
FW Luka Jović
29%
GK Mark Flekken
29%
MF Orkun Kökçü
29%
DF Wout Faes
29%
MF Adam Wharton
28%
FW Dan Ndoye
28%
MF Georginio Wijnaldum
28%
MF Leandro Trossard
28%
MF Pascal Groß
28%
FW Adam Buksa
27%
DF Ferdi Kadıoğlu
27%
FW Giacomo Raspadori
27%
DF Illya Zabarnyi
27%
DF Joakim Mæhle
27%
DF Joe Gomez
27%
DF Matteo Darmian
27%
FW Maximilian Beier
27%
MF Nicolae Stanciu
27%
DF Nikola Milenković
27%
DF Ryan Porteous
27%
FW Bruno Petković
26%
FW Charles De Ketelaere
26%
MF Davide Frattesi
26%
DF Dávid Hancko
26%
MF Denis Zakaria
26%
DF Jan Bednarek
26%
FW Kasper Dolberg
26%
FW Mikkel Damsgaard
26%
GK Alex Meret
25%
FW Ante Budimir
25%
DF Borna Sosa
25%
FW Cenk Tosun
25%
GK Đorđe Petrović
25%
MF Jerdy Schouten
25%
FW Joselu
25%
MF Ondrej Duda
25%
MF Salih Özcan
25%
GK Altay Bayındır
24%
DF Benjamin Henrichs
24%
MF Chris Führich
24%
DF Elseid Hysaj
24%
MF Joey Veerman
24%
DF Kevin Danso
24%
DF Lewis Dunk
24%
FW Mateo Retegui
24%
MF Nicola Zalewski
24%
MF Pedro Neto
24%
GK Predrag Rajković
24%
FW Roman Yaremchuk
24%
DF Timothy Castagne
24%
MF Adrian Șut
23%
MF Álex Baena
23%
MF Axel Witsel
23%
FW Ayoze Pérez
23%
FW Brian Brobbey
23%
MF Christian Nørgaard
23%
MF Damian Szymański
23%
DF Daniel Vivian
23%
MF Danilo Pereira
23%
MF Ian Maatsen
23%
MF Ivan Ilić
23%
MF Josip Iličić
23%
DF Josip Šutalo
23%
FW Marco Pašalić
23%
MF Mario Pašalić
23%
DF Maximilian Wöber
23%
DF Nico Elvedi
23%
MF Sebastian Szymański
23%
DF Vitaliy Mykolenko
23%
FW Adam Hložek
22%
MF Billy Gilmour
22%
DF Josip Juranović
22%
MF Kristjan Asllani
22%
MF Lorenzo Pellegrini
22%
MF Marius Marin
22%
GK Mert Günok
22%
DF Nélson Semedo
22%
MF Răzvan Marin
22%
MF Saša Lukić
22%
MF Yannick Carrasco
22%
DF Arthur Theate
21%
DF Berat Djimsiti
21%
DF Greg Taylor
21%
FW Lawrence Shankland
21%
DF Thomas Meunier
21%
FW Dodi Lukebakio
20%
MF Jacob Bruun Larsen
20%
FW Joshua Zirkzee
20%
GK Justin Bijlow
20%
GK Łukasz Skorupski
20%
MF Mykola Shaparenko
20%
MF Nicolò Fagioli
20%
MF Przemysław Frankowski
20%
MF Nedim Bajrami
19%
FW Ryan Christie
19%
DF Erik Janža
18%
DF Gonçalo Inácio
18%
DF Grant Hanley
18%
FW Johan Bakayoko
18%
MF Taras Stepanenko
18%
DF Victor Kristiansen
18%
MF Ádám Nagy
17%
DF Alexander Bah
17%
DF Andrea Cambiaso
17%
MF Bryan Cristante
17%
MF Florian Grillitsch
17%
DF Gernot Trauner
17%
DF Gianluca Mancini
17%
MF Jakub Moder
17%
DF Jannik Vestergaard
17%
MF Juraj Kucka
17%
MF Klaus Gjasula
17%
MF Luka Sučić
17%
DF Lutsharel Geertruida
17%
DF Marin Pongračić
17%
MF Mathias Jensen
17%
MF Romano Schmid
17%
MF Thomas Delaney
17%
DF Zsolt Nagy
17%
DF Ádám Lang
16%
DF Alessandro Buongiorno
16%
FW Andraž Šporar
16%
GK Etrit Berisha
16%
MF Maxim De Cuyper
16%
FW Medon Berisha
16%
DF Patrick Wimmer
16%
DF Scott McKenna
16%
FW Stephan El Shaarawy
16%
MF Stuart Armstrong
16%
DF Zeno Debast
16%
FW Andreas Skov Olsen
15%
FW Andrija Živković
15%
DF Federico Gatti
15%
MF Giorgi Kochorashvili
15%
FW Karol Świderski
15%
GK Marcin Bułka
15%
MF Matheus Nunes
15%
MF Nemanja Gudelj
15%
MF Nikola Vlašić
15%
DF Phillipp Mwene
15%
MF Ryan Jack
15%
DF Zeki Çelik
15%
DF Andrei Rațiu
14%
MF Heorhiy Sudakov
14%
DF Jack Hendry
14%
DF Jaka Bijol
14%
DF Loïc Négo
14%
GK Matz Sels
14%
MF Nicolas Seiwald
14%
FW Noah Okafor
14%
DF Stefan Posch
14%
MF Steven Zuber
14%
GK Uğurcan Çakır
14%
MF Giorgi Chakvetadze
13%
FW Jonas Wind
13%
MF Kaan Ayhan
13%
MF Lazar Samardžić
13%
DF Peter Pekarík
13%
MF Qazim Laçi
13%
GK Thomas Kaminski
13%
MF Timi Max Elšnik
13%
DF Yukhym Konoplya
13%
GK Yvon Mvogo
13%
DF Attila Fiola
12%
MF Fabian Rieder
12%
DF Jon Gorenc Stanković
12%
FW Kamil Grosicki
12%
FW Kwadwo Duah
12%
DF Marash Kumbulla
12%
FW Rey Manaj
12%
MF Ruslan Malinovskyi
12%
DF Abdülkerim Bardakcı
11%
DF Bartosz Bereszyński
11%
MF Callum Styles
11%
GK Florin Niță
11%
FW İrfan Kahveci
11%
FW Jasir Asani
11%
FW Kevin Csoboth
11%
GK Matěj Kovář
11%
DF Mathias Jørgensen
11%
DF Miloš Veljković
11%
MF Nemanja Maksimović
11%
DF Otar Kakabadze
11%
DF Samet Akaydin
11%
DF Silvan Widmer
11%
DF Žan Karničnik
11%
DF Anthony Ralston
10%
DF Arlind Ajeti
10%
GK Dénes Dibusz
10%
DF Denis Vavro
10%
FW Ernest Muçi
10%
DF Filip Mladenović
10%
GK Frederik Rønnow
10%
DF Guram Kashia
10%
DF Iván Balliu
10%
MF James Forrest
10%
MF Kacper Urbański
10%
MF Kenny McLean
10%
DF Ladislav Krejčí
10%
MF László Kleinheisler
10%
GK Liam Kelly
10%
FW Lukáš Haraslín
10%
MF Orel Mangala
10%
GK Patrick Pentz
10%
DF Philipp Lienhart
10%
MF Renato Steffen
10%
FW Yusuf Yazıcı
10%
DF David Brekalo
9%
DF Lasha Dvali
9%
FW Leo Sauer
9%
DF Luka Lochoshvili
9%
FW Michael Folorunsho
9%
FW Róbert Boženík
9%
MF Vincent Sierro
9%
FW Zeki Amdouni
9%
MF Zuriko Davitashvili
9%
MF Arthur Vermeeren
8%
FW George Pușcaș
8%
GK Heorhiy Bushchan
8%
MF Jakub Piotrowski
8%
MF Lukáš Provod
8%
GK Mads Hermansen
8%
DF Paweł Dawidowicz
8%
MF Adam Gnezda Čerin
7%
MF András Schäfer
7%
DF Bartosz Salamon
7%
DF Bendegúz Bolla
7%
MF Benjamin Verbič
7%
MF Florian Kainz
7%
GK Horațiu Moldovan
7%
DF Liam Cooper
7%
FW Luka Ivanušec
7%
DF Mario Mitaj
7%
FW Marko Pjaca
7%
MF Martin Baturina
7%
DF Márton Dárdai
7%
MF Mijat Gaćinović
7%
MF Otar Kiteishvili
7%
DF Petar Stojanović
7%
DF Raoul Bellanova
7%
MF Sandi Lovrić
7%
FW Tommy Conway
7%
GK Zander Clark
7%
MF Alexander Prass
6%
MF Antonín Barák
6%
GK Heinz Lindner
6%
MF İsmail Yüksek
6%
DF Leonidas Stergiou
6%
GK Marek Rodák
6%
DF Martin Erlić
6%
DF Mykola Matviyenko
6%
MF Okay Yokuşlu
6%
MF Taulant Seferi
6%
MF Tomáš Holeš
6%
FW Tomáš Suslov
6%
DF Vanja Drkušić
6%
DF Vernon De Marco
6%
MF Ylber Ramadani
6%
FW Arbër Hoxha
5%
DF Ardian Ismajli
5%
MF Ardon Jashari
5%
MF Aster Vranckx
5%
FW David Strelec
5%
DF Endre Botka
5%
GK Ivica Ivušić
5%
FW Jan Mlakar
5%
FW Mirlind Daku
5%
GK Nediljko Labrović
5%
MF Oleksandr Zubkov
5%
MF Tomi Horvat
5%
FW Valentin Mihăilă
5%
DF Valeriy Bondar
5%
MF Viktor Tsyhankov
5%
FW Yunus Akgün
5%
FW Žan Vipotnik
5%
DF Adam Obert
4%
DF Ahmetcan Kaplan
4%
MF Amir Abrashi
4%
MF Bartosz Slisz
4%
FW Budu Zivzivadze
4%
DF David Jurásek
4%
MF Deian Sorescu
4%
DF Flavius Daniliuc
4%
GK Giorgi Loria
4%
FW Krisztofer Horváth
4%
MF Michał Skóraś
4%
MF Mihály Kata
4%
DF Naser Aliji
4%
GK Niklas Hedl
4%
GK Péter Szappanos
4%
DF Sebastian Walukiewicz
4%
FW Semih Kılıçsoy
4%
MF Serhiy Sydorchuk
4%
MF Taras Romanczuk
4%
GK Vítězslav Jaroš
4%
MF Volodymyr Brazhko
4%
MF Alexandru Cicâldău
3%
FW Andreas Weimann
3%
DF Andrei Burcă
3%
FW Bertuğ Yıldırım
3%
DF Bogdan Racovițan
3%
DF Bohdan Mykhaylichenko
3%
DF Botond Balogh
3%
DF Cédric Zesiger
3%
MF Dániel Gazdag
3%
MF Darius Olaru
3%
FW Dávid Ďuriš
3%
FW Denis Alibec
3%
GK Elhan Kastrati
3%
DF Enea Mihaj
3%
MF Giorgi Tsitaishvili
3%
FW Jan Kuchta
3%
MF Jasmin Kurtić
3%
DF Jure Balkovec
3%
MF László Bénes
3%
DF Leopold Querfeld
3%
MF Lewis Morgan
3%
MF Marco Grüll
3%
DF Martin Vitík
3%
MF Matthias Seidl
3%
MF Matúš Bero
3%
DF Nemanja Stojić
3%
DF Nicușor Bancu
3%
MF Nika Kvekveskiri
3%
DF Norbert Gyömbér
3%
DF Oleksandr Tymchyk
3%
MF Patrik Hrošovský
3%
FW Petar Ratkov
3%
DF Robin Hranáč
3%
DF Ross McCrorie
3%
DF Srđan Babić
3%
MF Tomáš Rigo
3%
DF Tymoteusz Puchacz
3%
DF Uroš Spajić
3%
FW Václav Černý
3%
MF Veljko Birmančević
3%
FW Vladyslav Vanat
3%
MF Adrian Zeljković
2%
MF Anders Dreyer
2%
MF Anzor Mekvabishvili
2%
FW Daniel Bîrligea
2%
DF David Zima
2%
FW Giorgi Kvilitaia
2%
GK Henrich Ravas
2%
GK Igor Vekić
2%
MF Levan Shengelia
2%
FW Ľubomír Tupta
2%
FW Maximilian Entrup
2%
DF Miha Blažič
2%
MF Nino Žugelj
2%
DF Oleksandr Svatok
2%
MF Ondřej Lingr
2%
MF Petr Ševčík
2%
MF Srđan Mijailović
2%
GK Ștefan Târnovanu
2%
FW Tomáš Chorý
2%
DF Vasile Mogoș
2%
GK Vid Belec
2%
FW Žan Celar
2%
DF Giorgi Gvelesiani
1%
DF Ionuț Nedelcearu
1%
MF Lukáš Červ
1%
DF Maksym Taloverov
1%
FW Mojmír Chytil
1%
MF Pavel Šulc
1%
DF Sebastian Kóša
1%
DF Solomon Kvirkvelia
1%
DF David Douděra
0%
DF Giorgi Gocholeishvili
0%
DF Jemal Tabidze
0%
GK Luka Gugeshashvili
0%
MF Saba Lobzhanidze
0%
MF Sandro Altunashvili
0%
DF Tomáš Vlček
0%
No matching quizzes found
Score Distribution
Percent of People with Each Score
Percentile by Number Answered
Your Score History
You have not taken this quiz since the last reset